World Corruption Index - Statistics

General Stats
  • This quiz has been taken 1,105 times
    1,079 since last reset
  • The average score is 30 of 50
Answer Stats
Rank Country % Correct
19 United States
96%
14 United Kingdom
92%
3 Sweden
91%
5 Norway
90%
3 Finland
88%
9 Canada
87%
12 Germany
85%
1 Denmark
84%
22 France
84%
9 Australia
83%
18 Japan
79%
7 Switzerland
79%
1 New Zealand
78%
8 Netherlands
77%
12 Iceland
75%
171 Iraq
74%
15 Belgium
73%
175 North Korea
73%
175 Afghanistan
71%
154 Democratic Republic of Congo
71%
21 Ireland
71%
175 Somalia
70%
11 Luxembourg
67%
154 Republic of Congo
66%
174 Sudan
65%
168 Syria
64%
163 Chad
60%
5 Singapore
60%
172 Libya
59%
173 South Sudan
58%
167 Yemen
57%
160 Venezuela
55%
160 Eritrea
48%
157 Zimbabwe
48%
157 Myanmar
47%
168 Turkmenistan
47%
163 Haiti
46%
168 Uzbekistan
45%
153 Angola
44%
22 Chile
43%
154 Tajikistan
41%
160 Cambodia
40%
157 Burundi
37%
19 Uruguay
32%
163 Equatorial Guinea
31%
163 Guinea Bissau
31%
22 Bahamas
25%
15 Barbados
18%
15 Hong Kong
16%
22 Saint Lucia
12%
No matching quizzes found
Score Distribution
Percent of People with Each Score
Percentile by Number Answered
Your Score History
You have not taken this quiz since the last reset